000 00748nam a22001937a 4500
003 OSt
005 20210419083603.0
008 210226s1989 ||||| |||| 00| 0 eng d
040 _aeng
_beng
_cDLC
_deng
041 _aeng
080 _a616.8
_bP-87
100 _91187
_aPott, Percivall
245 _aThis Special Edition of Observations on the Nature and Consequences of Those Injuries to which the Head is Liable from External Violence
_b: Observations on Injuries to the Head
_c/ by: The Classics of Neurology and Neurosurgery Library
260 _aBirmingham, Alabama
_bThe Classics of Neurology and Neurosurgery Library
_c1989
300 _a276 p.
_bill.
650 0 _9100
_aNeurology
653 _aნევროლოგია
942 _2udc
_cBK
999 _c1810
_d1810